Magic School Bus - Statistics

General Stats
  • This quiz has been taken 42 times
    40 since last reset
  • The average score is 6 of 8
Answer Stats
Answer % Correct
Arnold Perlstein
91%
Carlos Ramon
82%
Dorothy Ann Hudson
76%
Wanda Li
76%
Ralphie Tennelli
73%
Tim Wright
64%
Phoebe Terese
55%
Keesha Franklin
45%
No matching quizzes found
Score Distribution
Percent of People with Each Score
Percentile by Number Answered
Your Score History
You have not taken this quiz since the last reset